[Event "Adolfo Pedrido Mem"]
[Site "Vilagarcia de Arousa ESP"]
[Date "2006.08.01"]
[Round "8"]
[White "Guaza Garcia,A"]
[Black "Otero Ramirez,A"]
[Result "1-0"]
[WhiteElo "1990"]
[BlackElo "1870"]

1.d4 Nf6 2.c4 g6 3.Nc3 d5 4.cxd5 Nxd5 5.e4 Nxc3 6.bxc3 Bg7 7.Nf3 c5 8.Be3 Qa5
9.Qd2 Nc6 10.Rb1 a6 11.Rb3 cxd4 12.cxd4 Qxd2+ 13.Kxd2 O-O 14.d5 Ne5 15.Nxe5 Bxe5
16.f4 Bb8 17.Be2 e6 18.dxe6 Bxe6 19.Rxb7 Bxa2 20.Ra1 Rd8+ 21.Ke1 Be6 22.Rxa6 Bc8
23.Rxa8 Bxb7 24.Ra4 Bc6 25.Rc4 Bb7 26.Kf2 Re8 27.Bf3 Rc8 28.Rxc8+ Bxc8 29.g3 Kf8
30.Bc5+ Ke8 31.Ke3 Be6 32.Kd4 Kd7 33.e5 h5 34.Bb6 Bc7 35.Bxc7 Kxc7 36.Bd5 Kd7
37.Bxe6+ Kxe6 38.Ke4 Ke7 39.Kd5 Kd7 40.h3 Ke7 41.g4 hxg4 42.hxg4 Kd7 43.f5 gxf5
44.gxf5 Ke7 45.Kc6 Ke8 46.Kd6 Kd8 47.f6  1-0

[Event "VIII Open"]
[Site "Sants ESP"]
[Date "2006.08.02"]
[Round "9"]
[White "Hernando Rodrigo,Jo"]
[Black "Marin,M"]
[Result "1/2-1/2"]
[WhiteElo "2400"]
[BlackElo "2544"]

1.d4 Nf6 2.c4 g6 3.Nc3 d5 4.cxd5 Nxd5 5.e4 Nxc3 6.bxc3 Bg7 7.Nf3 c5 8.Bb5+ Bd7
9.Bxd7+ Nxd7 10.O-O O-O 11.Bg5 Qa5 12.Qb3 cxd4 13.cxd4 Bxd4 14.Nxd4 Qxg5
15.Ne6 fxe6 16.Qxe6+ Rf7 17.Qxd7 e5 18.Qa4 b6 19.Rad1 Raf8 20.Rd7 Rxd7 21.Qxd7 Rf7
22.Qd5 Kg7 23.g3 Qf6 24.Qd2 Qc6 25.Re1 Rd7 26.Qg5 Qc5 27.Re3 Rf7 28.Kg2 Qe7
29.Qg4 Qd7 30.Qe2 Qd4 31.h4  1/2-1/2

[Event "15th Open A"]
[Site "Vienna AUT"]
[Date "2006.08.02"]
[Round "5"]
[White "Kummer,Hel"]
[Black "Schulz,M2"]
[Result "1-0"]
[WhiteElo "2335"]
[BlackElo "2165"]

1.d4 Nf6 2.c4 g6 3.Nc3 d5 4.cxd5 Nxd5 5.e4 Nxc3 6.bxc3 Bg7 7.Bc4 O-O 8.Ne2 c5
9.O-O Nc6 10.Be3 Qc7 11.Qc1 Rd8 12.Rd1 Na5 13.Bd3 b6 14.Rb1 Bb7 15.f3 e6
16.Bf2 Rac8 17.h4 cxd4 18.cxd4 Qe7 19.Qb2 Rc7 20.Rbc1 Rdc8 21.Rxc7 Rxc7 22.h5 Rd7
23.hxg6 hxg6 24.Bb5 Bc6 25.a4 Rc7 26.Rc1 Bxb5 27.axb5 Qd7 28.Rxc7 Qxc7 29.Qc3 Qd7
30.Qd3 Nb7 31.g4 Nd6 32.Nc3 Qc8 33.Kg2 Kf8 34.Bg3 Qd7 35.e5 Nc8 36.d5 exd5
37.Qxd5 Qxd5 38.Nxd5 Ke8 39.f4 Kd7 40.f5 gxf5 41.gxf5 a5 42.bxa6 Kc6 43.f6 Bf8
44.Nf4 b5 45.e6 fxe6 46.Nxe6 Ba3 47.f7 Be7 48.Bh4 Bd6 49.Bf2 Kd5 50.f8=Q Bxf8
51.Nxf8 b4 52.Ng6 Kc6 53.Ne5+ Kd5 54.Nd3 Kc4 55.Nb2+ Kb3 56.Bd4 Ka3 57.Kf3 b3
58.Ke4  1-0

[Event "Adolfo Pedrido Mem"]
[Site "Vilagarcia de Arousa ESP"]
[Date "2006.08.02"]
[Round "9"]
[White "Muniz Vicente,J"]
[Black "Carril Gonzalez,A"]
[Result "0-1"]
[WhiteElo "1797"]
[BlackElo "2089"]

1.d4 Nf6 2.c4 g6 3.Nc3 d5 4.cxd5 Nxd5 5.e4 Nxc3 6.bxc3 Bg7 7.Bc4 O-O 8.Ne2 c5
9.O-O Nc6 10.Be3 cxd4 11.cxd4 b6 12.Rc1 Bb7 13.Qd2 Rc8 14.f4 e6 15.f5 exf5
16.exf5 Na5 17.Bd3 Rxc1 18.Rxc1 Qd6 19.Rf1 Re8 20.Kh1 Qc6 21.Rf2 Nc4 22.Bxc4 Qxc4
23.f6 Bf8 24.Ng3 Bb4 25.Qc1 Qd3 26.Re2 Rc8 27.Qf1 Ba6 28.Bh6 Qxd4 29.h3 Bxe2
30.Nxe2 Qd3  0-1

[Event "15th Open A"]
[Site "Vienna AUT"]
[Date "2006.08.03"]
[Round "6"]
[White "Kottisch,G"]
[Black "Geyler,S"]
[Result "1/2-1/2"]
[WhiteElo "1991"]
[BlackElo "2061"]

1.d4 Nf6 2.c4 g6 3.Nc3 d5 4.cxd5 Nxd5 5.e4 Nxc3 6.bxc3 Bg7 7.Bc4 c5 8.Ne2 O-O
9.O-O Nc6 10.Be3 Bg4 11.f3 Na5 12.Bd3 cxd4 13.cxd4 Be6 14.Rc1 Bxa2 15.Qa4 Bb3
16.Qb4 b6 17.Ba6 Be6 18.Rc3 Qd6 19.Qxd6 exd6 20.Rfc1 d5 21.Nf4 Rfd8 22.exd5 Bd7
23.Rc7 h6 24.Kf2 Bf8 25.Nd3 Bd6 26.R7c3 Bf8 27.Ne5 Be8 28.Ng4 Bg7 29.Rc8 Raxc8
30.Rxc8 Rxc8 31.Bxc8 Nc4 32.Bb7 Bd7 33.Bc6 Bxg4 34.fxg4 Nxe3 35.Kxe3 Bf8
36.Kd3 Bd6 37.g3 Kf8 38.Kc4 Ke7 39.Kb5 Ba3 40.Ka6 Bb2 41.Kxa7 Bxd4 42.Ka6 Kd6
43.Kb5 g5 44.Kc4 Bg1 45.h4 f6 46.hxg5 hxg5 47.Be8 Bf2 48.Bg6 Bxg3 49.Bf5  1/2-1/2

[Event "Agentura 64 Cup"]
[Site "Olomouc CZE"]
[Date "2006.08.04"]
[Round "3"]
[White "Salmoiraghi,A"]
[Black "Houska,Ji"]
[Result "1/2-1/2"]
[WhiteElo "2015"]
[BlackElo "2140"]

1.d4 Nf6 2.c4 g6 3.Nc3 d5 4.cxd5 Nxd5 5.e4 Nxc3 6.bxc3 Bg7 7.Bc4 O-O 8.Ne2 c5
9.Be3 Nc6 10.Rc1 cxd4 11.cxd4 Qa5+ 12.Kf1 Rd8 13.f3 Nxd4 14.Nxd4 Bxd4 15.Bxd4 e5
16.Bd5 exd4 17.Qxd4 Be6 18.Rc5 Qxa2 19.Bxa2 Rxd4 20.Bxe6 Rd1+ 21.Kf2 Rxh1
22.Bd5 a5 23.Rc7 Rd1 24.Rxb7 a4 25.Rd7 Rxd5 26.Rxd5 a3 27.Rd1 Kg7 28.Ra1 a2
29.f4 Kf6 30.Ke3 g5 31.g3 gxf4+ 32.gxf4 Kg6 33.Kd4 Kh5 34.Ke5 Kg4 35.f5 Kf3
36.h4 Ra5+ 37.Kf6 Kxe4 38.Kg7 Kxf5 39.h5 Ke4 40.h6 Kd3 41.Kxf7 Kc2 42.Kg8 Ra7
43.Rxa2+ Rxa2 44.Kxh7 Kd3 45.Kg8 Ke4 46.h7 Ra8+ 47.Kg7 Ra7+ 48.Kg8 Kf5 49.h8=Q Ra8+
50.Kg7 Rxh8 51.Kxh8  1/2-1/2

[Event "15th Open A"]
[Site "Vienna AUT"]
[Date "2006.08.04"]
[Round "7"]
[White "Polak,T"]
[Black "Neubauer,M"]
[Result "1/2-1/2"]
[WhiteElo "2473"]
[BlackElo "2480"]

1.d4 Nf6 2.c4 g6 3.Nc3 d5 4.cxd5 Nxd5 5.e4 Nxc3 6.bxc3 Bg7 7.Nf3 c5 8.Rb1 O-O
9.Be2 cxd4 10.cxd4 Qa5+ 11.Bd2 Qxa2 12.O-O Bg4 13.Bg5 h6 14.Be3 Nc6 15.d5 Bxf3
16.gxf3 Nd4 17.Bd3 a5 18.Kh1 b5  1/2-1/2

[Event "FSIMB August"]
[Site "Budapest HUN"]
[Date "2006.08.08"]
[Round "4"]
[White "Kahn,E"]
[Black "Hoolt,S"]
[Result "1/2-1/2"]
[WhiteElo "2307"]
[BlackElo "2122"]

1.d4 Nf6 2.c4 g6 3.Nc3 d5 4.cxd5 Nxd5 5.e4 Nxc3 6.bxc3 Bg7 7.Bc4 c5 8.Ne2 O-O
9.O-O Nc6 10.Be3 Bg4 11.f3 Na5 12.Bd3 cxd4 13.cxd4 Be6 14.Qa4 a6 15.Rac1 b5
16.Qb4 Bxa2 17.d5 Bc4 18.Rfd1 Rb8 19.Bd4 Nb3 20.Bxg7 Nxc1 21.Rxc1 Kxg7 22.Bxc4 Qb6+
23.Kf1 bxc4 24.Qxe7 Rfe8 25.Qa3 Rec8 26.Qc3+ Kg8 27.Nd4 Rc5  1/2-1/2

[Event "93rd ch-GBR"]
[Site "Swansea WLS"]
[Date "2006.08.08"]
[Round "2"]
[White "Gormally,D"]
[Black "Hodgson,Jo"]
[Result "1-0"]
[WhiteElo "2513"]
[BlackElo "2218"]

1.d4 Nf6 2.c4 g6 3.Nc3 d5 4.cxd5 Nxd5 5.e4 Nxc3 6.bxc3 Bg7 7.Nf3 c5 8.Rb1 O-O
9.Be2 cxd4 10.cxd4 Qa5+ 11.Bd2 Qxa2 12.O-O Bg4 13.Bg5 h6 14.Bh4 a5 15.h3 Bxf3
16.Bxf3 Rd8 17.d5 g5 18.Bg3 Nd7 19.Rxb7 a4 20.Bg4 Ne5 21.Bxe5 Bxe5 22.Rxe7 Bf6
23.Rb7 Rab8 24.Rc7 Be5 25.Rc6 Kg7 26.Bh5 Qb2 27.Qxa4 Ra8 28.Qd1 Ra2 29.Qf3 Rd7
30.Qf5 Ra1 31.g3 Bf6  1-0

[Event "93rd ch-GBR"]
[Site "Swansea WLS"]
[Date "2006.08.09"]
[Round "3"]
[White "Devereaux,M"]
[Black "Gormally,D"]
[Result "1/2-1/2"]
[WhiteElo "2377"]
[BlackElo "2513"]

1.d4 Nf6 2.c4 g6 3.Nc3 d5 4.cxd5 Nxd5 5.e4 Nxc3 6.bxc3 Bg7 7.Bc4 c5 8.Ne2 Nc6
9.Be3 O-O 10.O-O Bd7 11.Rb1 a6 12.dxc5 Qc7 13.Nd4 Rad8 14.Be2 Be8 15.Qb3 Bxd4
16.cxd4 Nxd4 17.Bxd4 Rxd4 18.Qxb7 Qxc5 19.Rbc1 Qe5 20.Bxa6 Rxe4 21.Qc7 Qxc7
22.Rxc7 Ra4  1/2-1/2

[Event "17th Jozef Kochan Mem"]
[Site "Koszalin POL"]
[Date "2006.08.10"]
[Round "7"]
[White "Szymanska,M"]
[Black "Panocki,A"]
[Result "1/2-1/2"]
[WhiteElo "2186"]
[BlackElo "2246"]

1.d4 Nf6 2.c4 g6 3.Nc3 d5 4.cxd5 Nxd5 5.e4 Nxc3 6.bxc3 Bg7 7.Be3 c5 8.Qd2 Qa5
9.Rb1 cxd4 10.cxd4 Qxd2+ 11.Kxd2 O-O 12.Bd3 Rd8 13.Nf3 Bg4 14.Rxb7 Bxf3 15.gxf3 Bxd4
16.Bxd4 Rxd4 17.Rc1 Na6 18.Ke3 Ra4 19.Bxa6 Rxa6 20.Rcc7 Ra3+ 21.Kf4 Rxa2
22.Rxe7 Rf8 23.Rxa7 Rxf2 24.Kg3  1/2-1/2

[Event "93rd ch-GBR"]
[Site "Swansea WLS"]
[Date "2006.08.11"]
[Round "5"]
[White "Palliser,R"]
[Black "Hodgson,Jo"]
[Result "1/2-1/2"]
[WhiteElo "2413"]
[BlackElo "2218"]

1.d4 Nf6 2.c4 g6 3.Nc3 d5 4.cxd5 Nxd5 5.e4 Nxc3 6.bxc3 Bg7 7.Bc4 c5 8.Ne2 Nc6
9.Be3 O-O 10.O-O Na5 11.Bd3 b6 12.Qd2 cxd4 13.cxd4 e6 14.Bh6 Bb7 15.Bxg7 Kxg7
16.Rac1 Qe7 17.Qb2 Kg8 18.Ng3 Rfd8 19.f4 Nc6 20.d5 exd5 21.e5 Rac8 22.a3 Na5
23.Rce1 Nc4 24.Qe2 Qc5+ 25.Kh1 Re8 26.Nh5 Rc6 27.Qg4 Ne3 28.Qg5 Nxf1 29.Rxf1 Qxa3
30.Bb5 Rc1 31.Nf6+  1/2-1/2

[Event "Acropolis Open"]
[Site "Athens GRE"]
[Date "2006.08.13"]
[Round "1"]
[White "Petritaj,Fo"]
[Black "Himaras,S"]
[Result "1-0"]
[WhiteElo "2210"]
[BlackElo "2193"]

1.d4 Nf6 2.c4 g6 3.Nc3 d5 4.cxd5 Nxd5 5.e4 Nxc3 6.bxc3 Bg7 7.Be3 c5 8.Bc4 Nc6
9.Ne2 O-O 10.Rb1 a6 11.O-O Qc7 12.Qc1 Na5 13.Bd3 e5 14.d5 f5 15.Qa3 b6 16.f3 f4
17.Bf2 g5 18.Kh1 Rf6 19.Ng1 Bf8 20.Qc1 Rg6 21.Qd1 h5 22.Rb2 Kh8 23.c4 g4
24.Be1 Nb7 25.g3 Bh6 26.gxf4 Bxf4 27.Ne2 Be3 28.f4 exf4 29.Bc3+ Kg8 30.e5 Rg5
31.Nxf4 Rxe5 32.Bxe5 Qxe5 33.Re2 Qd4 34.Qe1 Bxf4 35.Re8+ Kg7 36.Qe7+ Kh6  1-0

[Event "Empresa A"]
[Site "Montreal CAN"]
[Date "2006.08.13"]
[Round "6"]
[White "Mikhalevski,V"]
[Black "Sutovsky,E"]
[Result "1/2-1/2"]
[WhiteElo "2571"]
[BlackElo "2607"]

1.d4 Nf6 2.c4 g6 3.Nc3 d5 4.cxd5 Nxd5 5.e4 Nxc3 6.bxc3 Bg7 7.Bc4 c5 8.Ne2 Nc6
9.Be3 O-O 10.O-O Bg4 11.f3 Na5 12.Bd3 cxd4 13.cxd4 Be6 14.d5 Bxa1 15.Qxa1 f6
16.Qd4 Bd7 17.e5 fxe5 18.Qxe5 Qb8 19.Qxe7 Re8 20.Qc5 b6 21.Qc1 Qe5 22.Bd4 Qxd5
23.Qh6 Qf7 24.Nf4 Qf8 25.Qh4 Qe7 26.Qh6 Qf8 27.Qh4 Qe7 28.Qh6 Qf8  1/2-1/2

[Event "93rd ch-GBR"]
[Site "Swansea WLS"]
[Date "2006.08.15"]
[Round "9"]
[White "Addison,B"]
[Black "Sowray,P"]
[Result "1/2-1/2"]
[WhiteElo "2241"]
[BlackElo "2357"]

1.d4 Nf6 2.c4 g6 3.Nc3 d5 4.cxd5 Nxd5 5.e4 Nxc3 6.bxc3 Bg7 7.Bc4 O-O 8.Ne2 Qd7
9.O-O b6 10.Be3 Bb7 11.Bd3 Nc6 12.f4 f5 13.exf5 gxf5 14.Ng3 e6 15.Nh5 Na5
16.Nxg7 Qxg7 17.Qe2 Rf6 18.Rf2 Rg6 19.Rd1 Rd8 20.c4 Qd7 21.Rd2 Re8 22.Qd1 Re7
23.Qc2 Qc6 24.Rde2 Rgg7 25.Bd2 Qd6 26.Bxa5 bxa5 27.d5 exd5 28.Bxf5 d4 29.Rxe7 Rxe7
30.Re2 Re3 31.Bxh7+ Kg7 32.Rxe3 dxe3 33.Bd3 Qxf4 34.h3 Kf7 35.Qe2 Ke7 36.Qb2 Be4
37.Qg7+ Ke6 38.Bxe4 e2 39.Qg6+ Ke7 40.Qg7+ Ke6 41.Qg6+ Ke7 42.Qg7+ Ke6  1/2-1/2

[Event "93rd ch-GBR"]
[Site "Swansea WLS"]
[Date "2006.08.15"]
[Round "9"]
[White "Pert,R"]
[Black "Knott,S"]
[Result "1-0"]
[WhiteElo "2445"]
[BlackElo "2387"]

1.d4 Nf6 2.c4 g6 3.Nc3 d5 4.cxd5 Nxd5 5.e4 Nxc3 6.bxc3 Bg7 7.Bc4 c5 8.Ne2 O-O
9.O-O Nc6 10.Be3 Qc7 11.Rc1 Rd8 12.Bf4 Qd7 13.dxc5 Qe8 14.Bd5 Bd7 15.Qd3 e6
16.Bb3 Na5 17.Bd6 Bb5 18.c4 Bc6 19.Qe3 e5 20.Nc3 Rac8 21.Rfd1 f5 22.exf5 gxf5
23.Nd5 Bxd5 24.cxd5 b6 25.Qg5 Qg6 26.Qxg6 hxg6 27.Be7 Nxb3 28.axb3 Rd7 29.c6 Rxe7
30.d6 Bf6 31.dxe7 Bxe7 32.Rd7 Kf8 33.Rxa7 Bc5 34.Kf1 e4 35.Rh7 Ke8 36.Ke2 Be7
37.Rc2 Rc7 38.Ra2 Rc8 39.Ra7 Bf8 40.Rab7 f4 41.c7  1-0

[Event "Open"]
[Site "Predeal ROM"]
[Date "2006.08.16"]
[Round "7"]
[White "Enoiu,A"]
[Black "Seger,R"]
[Result "0-1"]
[WhiteElo "2134"]
[BlackElo "2407"]

1.d4 Nf6 2.c4 g6 3.Nc3 d5 4.cxd5 Nxd5 5.e4 Nxc3 6.bxc3 Bg7 7.Nf3 c5 8.Be2 Nc6
9.Be3 Bg4 10.e5 cxd4 11.cxd4 O-O 12.O-O Qd7 13.h3 Be6 14.Ng5 Bd5 15.f4 h6
16.Nf3 Rfd8 17.Nd2 e6 18.Bf3 Bxf3 19.Nxf3 Rac8 20.Qa4 Nxe5 21.Qxa7 Nc6 22.Qb6 Nxd4
23.Nxd4 Bxd4 24.Bxd4 Qxd4+ 25.Qxd4 Rxd4 26.Rf2 Rcc4 27.Raf1 h5 28.Kh2 h4
29.g4 Rc3  0-1

[Event "Acropolis Open"]
[Site "Athens GRE"]
[Date "2006.08.17"]
[Round "5"]
[White "Petritaj,Fo"]
[Black "Atakisi,U"]
[Result "0-1"]
[WhiteElo "2210"]
[BlackElo "2406"]

1.d4 Nf6 2.c4 g6 3.Nc3 d5 4.cxd5 Nxd5 5.e4 Nxc3 6.bxc3 Bg7 7.Be3 c5 8.Qd2 Qa5
9.Rb1 b6 10.Bb5+ Bd7 11.Bd3 Bc6 12.f3 Nd7 13.Ne2 O-O 14.Kf2 Rfd8 15.Bg5 cxd4
16.cxd4 Qxd2 17.Bxd2 Nc5 18.dxc5 Rxd3 19.Be3 b5 20.Rhd1 Rad8 21.Ke1 f5 22.exf5 gxf5
23.Rxd3 Rxd3 24.Rb3 Rxb3 25.axb3 e5 26.b4 Kf7 27.Kd2 Ke6 28.Kc3 a6 29.Kb3 Bf6
30.Nc3 Bd8 31.h3 Bc7 32.Kc2 a5 33.Kb3 a4+ 34.Kc2 Bd8 35.Bc1 Bh4 36.Kd3 Be1
37.Kc2 Bxc3 38.Kxc3 f4 39.Kd2 Kf5 40.h4 e4 41.Ke2 Ke5 42.h5 Kf5 43.h6 Ke5
44.Bb2+ Kd5 45.fxe4+ Kxe4 46.Bc1 Bb7 47.Bb2 Kd5 48.Bc1 Kc4 49.Bxf4 Kxb4 50.Bd6 Bxg2
51.c6+ Kc4 52.c7 Bh3 53.Kd2 Bf5 54.c8=Q+ Bxc8 55.Kc2 b4 56.Kb2 a3+ 57.Ka2 Be6
58.Ka1 Kb3 59.Be7 Ka4 60.Kb1  0-1

[Event "4th Staunton Mem"]
[Site "London/Crowthorne ENG"]
[Date "2006.08.17"]
[Round "4"]
[White "Levitt,J"]
[Black "Bosboom Lanchava,T"]
[Result "1/2-1/2"]
[WhiteElo "2431"]
[BlackElo "2389"]

1.d4 Nf6 2.c4 g6 3.Nc3 d5 4.cxd5 Nxd5 5.e4 Nxc3 6.bxc3 Bg7 7.Bb5+ c6 8.Ba4 O-O
9.Ne2 c5 10.O-O Qa5 11.Bg5 Bd7 12.Bc2 Re8 13.Be3 Bb5 14.Rb1 Nd7 15.Rxb5 Qxb5
16.Ba4 Qc4 17.Bxd7 Red8 18.Ba4 Qxa2 19.f4 c4 20.d5 Qb2 21.e5 b5 22.Bc2 a5
23.Bc5 Rd7 24.Qd2 Rad8 25.Rb1 Rxd5 26.Nd4 Qxb1+ 27.Bxb1 Rxc5 28.Qb2 b4 29.cxb4  1/2-1/2

[Event "4th Staunton Mem"]
[Site "London/Crowthorne ENG"]
[Date "2006.08.18"]
[Round "5"]
[White "Sokolov,Iv"]
[Black "Howell,D"]
[Result "1-0"]
[WhiteElo "2652"]
[BlackElo "2479"]

1.d4 Nf6 2.c4 g6 3.Nc3 d5 4.cxd5 Nxd5 5.e4 Nxc3 6.bxc3 Bg7 7.Qa4+ Qd7 8.Qb3 O-O
9.Nf3 b6 10.Be3 Bb7 11.Bd3 c5 12.O-O Nc6 13.Rad1 Na5 14.Qb1 cxd4 15.cxd4 e6
16.h4 f5 17.Bb5 Qd6 18.d5 exd5 19.e5 Bxe5 20.Nxe5 Qxe5 21.Bd4 Qe4 22.Qc1 Qxh4
23.Qc7 Rf7 24.Qe5 Re7 25.Qh8+ Kf7 26.Qg7+ Ke6 27.Rfe1+ Kd6 28.Be5+ Kc5 29.Bd4+ Kd6
30.Rxe7 Qxe7 31.Qh6 Bc6 32.Bc3 Kc7 33.Bb4 Qd7 34.Ba6 Bb5 35.Bxb5 Qxb5 36.Bxa5 Qxa5
37.Qxh7+ Kc6 38.Rc1+ Kb5 39.Qb7 Rh8 40.Rb1+ Kc4 41.Qc6+ Kd3 42.Rd1+ Ke4 43.Qe6+ Kf4
44.Rd4+  1-0

[Event "XXVI Open A"]
[Site "Bratto ITA"]
[Date "2006.08.19"]
[Round "1"]
[White "De Santis,A"]
[Black "Gangemi,S"]
[Result "1-0"]
[WhiteElo "2337"]
[BlackElo "2077"]

1.d4 Nf6 2.c4 g6 3.Nc3 d5 4.cxd5 Nxd5 5.e4 Nxc3 6.bxc3 Bg7 7.Bc4 O-O 8.Ne2 c5
9.Be3 cxd4 10.cxd4 Nc6 11.Rc1 Na5 12.Bd3 Bg4 13.f3 Bd7 14.h4 h5 15.Rc5 b6
16.Rg5 Qe8 17.e5 Kh8 18.g4 Bh6 19.gxh5 Bxg5 20.hxg5 Kg7 21.hxg6 fxg6 22.e6 Bxe6
23.d5 Bxd5 24.Nf4 Rxf4 25.Bxf4 e5 26.Qa1 Nc6 27.Bb5 Qe6 28.Bxc6 Bxc6 29.Bxe5+ Kf7
30.Rh7+ Ke8 31.Kf2 Qd5 32.Qc3 a5 33.Bd4 Rd8 34.Qe3+ Kf8 35.Qe7+  1-0

[Event "Independence Cup A"]
[Site "Kyiv UKR"]
[Date "2006.08.19"]
[Round "7"]
[White "Taborov,B"]
[Black "Dzupin,D"]
[Result "1/2-1/2"]
[WhiteElo "2446"]
[BlackElo "2311"]

1.d4 Nf6 2.c4 g6 3.Nc3 d5 4.cxd5 Nxd5 5.e4 Nxc3 6.bxc3 Bg7 7.Bg5 c5 8.Rc1 O-O
9.d5 Qd6 10.Nf3 e6 11.Bc4 e5 12.Nd2 Nd7 13.Be2 f6 14.Be3 Nb6 15.a4 Bd7 16.Ra1 f5
17.f3 Rf7 18.a5 Nc8 19.Nb3 fxe4 20.fxe4 Qe7 21.Nxc5 Nd6 22.g3 Bh3 23.Rg1 Raf8
24.Rb1 Qc7 25.Qd3 Qxa5 26.g4 Qa2 27.Rd1 Bf6 28.g5 Bd8 29.Ne6 Ba5 30.Nxf8 Rxf8
31.Bd2 Bd7 32.Rf1 Rxf1+ 33.Bxf1 Qa4 34.c4 Bg4 35.Rc1 Bxd2+ 36.Kxd2 Qb4+ 37.Rc3 b5
38.Qe3 bxc4 39.h3 Qb2+ 40.Rc2 c3+ 41.Qxc3 Nxe4+ 42.Kd3 Qxc3+ 43.Rxc3 Nxc3
44.Kxc3 Bd7 45.Kb4 Kf7 46.Kc5 Ke7 47.d6+ Ke6 48.h4 Kf7 49.Kd5 e4 50.Ke5 e3
51.Bc4+ Ke8 52.Kd4 Bg4 53.Kxe3 Kd7 54.Bg8 Kxd6 55.Bxh7 Bh5 56.Kd4 a5 57.Kc4  1/2-1/2

[Event "16th Open"]
[Site "Abu Dhabi UAE"]
[Date "2006.08.20"]
[Round "8"]
[White "Salem,AR"]
[Black "Aswin,J"]
[Result "1/2-1/2"]
[WhiteElo "2154"]
[BlackElo "2221"]

1.d4 Nf6 2.c4 g6 3.Nc3 d5 4.cxd5 Nxd5 5.e4 Nxc3 6.bxc3 Bg7 7.Bc4 c5 8.Ne2 O-O
9.O-O Nc6 10.Be3 Qc7 11.Rc1 Rd8 12.Qa4 Bd7 13.Qa3 Bf8 14.Rfd1 Be8 15.Bd3 e6
16.Qb2 a6 17.Bb1 b5 18.Bg5 Be7 19.Qd2 Na5 20.Bxe7 Qxe7 21.Qf4 cxd4 22.cxd4 Rac8
23.e5 Bc6 24.Rc3 Rf8 25.Qh6 f5 26.Nf4 Rf7 27.Rg3 Rg7 28.Nh5 Bd5 29.Nf6+ Kh8
30.h4 Rf8 31.Qg5 Rgf7 32.h5 Rxf6 33.exf6 Qxf6 34.Qh6 Qg7 35.Qf4 Nc6 36.Kh2 Rg8
37.hxg6 Qf6 38.gxh7 Rg6 39.Rdd3 Rh6+ 40.Rh3 Qg7 41.Rg3 Rxh3+ 42.Kxh3 Qxh7+
43.Qh4 Nxd4 44.Qxh7+ Kxh7 45.Ra3 Ne2 46.g4 Kg6 47.gxf5+ exf5 48.Rxa6+ Kg5
49.a3 Ng1+  1/2-1/2

[Event "3rd Dato Arthur Tan"]
[Site "Kuala Lumpur MAS"]
[Date "2006.08.22"]
[Round "3"]
[White "Halay,T"]
[Black "Baba,M"]
[Result "1-0"]
[WhiteElo "2409"]
[BlackElo "2189"]

1.d4 Nf6 2.c4 g6 3.Nc3 d5 4.cxd5 Nxd5 5.e4 Nxc3 6.bxc3 Bg7 7.Nf3 c5 8.h3 O-O
9.Be2 Nc6 10.Be3 Qa5 11.O-O Rd8 12.Qd3 a6 13.Qc4 cxd4 14.cxd4 Bd7 15.Rad1 Rac8
16.Qb3 b5 17.Ng5 e6 18.d5 exd5 19.Rxd5 Be8 20.Bg4 Ra8 21.Rfd1 Ne5 22.Bd4 Nxg4
23.Bxg7 Kxg7 24.hxg4 h6 25.Nf3 Bc6 26.Rxd8 Rxd8 27.Rxd8 Qxd8 28.Qc3+ Qf6
29.e5  1-0

[Event "3rd Dato Arthur Tan"]
[Site "Kuala Lumpur MAS"]
[Date "2006.08.25"]
[Round "7"]
[White "Wallis,C"]
[Black "Karavade,E"]
[Result "1/2-1/2"]
[WhiteElo "2149"]
[BlackElo "2316"]

1.d4 Nf6 2.c4 g6 3.Nc3 d5 4.cxd5 Nxd5 5.e4 Nxc3 6.bxc3 Bg7 7.Bc4 c5 8.Ne2 O-O
9.O-O Nc6 10.Be3 Bd7 11.Rb1 Qc7 12.Bf4 Qc8 13.d5 Ne5 14.Bxe5 Bxe5 15.f4 Bg7
16.e5 Rb8 17.a4 Kh8 18.Ng3 Qc7 19.Ne4 Bf5 20.Re1 b6 21.Rb2 f6 22.d6 exd6
23.Qxd6 Qxd6 24.Nxd6 fxe5 25.fxe5 h5 26.Rbe2 Bg4 27.Re4 Bf5 28.Nxf5 gxf5
29.Rh4 Kh7 30.Rxh5+ Kg6 31.Rh3 Rbe8 32.Rg3+ Kh6 33.e6 Bf6 34.Rf3 Bg5 35.Rd3 Re7
36.Red1 Kg6 37.Kf2 Rh8 38.Rh3 Rxh3 39.gxh3 Bf4 40.Kg2 Kf6 41.Rd3 Rg7+ 42.Kf3 Bxh2
43.Rd7 Re7 44.Rxe7 Kxe7 45.Bd5 Be5 46.c4 Kf6 47.Kg2 Bd6  1/2-1/2

[Event "3rd Dato Arthur Tan"]
[Site "Kuala Lumpur MAS"]
[Date "2006.08.25"]
[Round "8"]
[White "Ton That Nhu Tung"]
[Black "Pg,Mohd Omar Ak Hira"]
[Result "1/2-1/2"]
[WhiteElo "2230"]
[BlackElo "2173"]

1.d4 Nf6 2.c4 g6 3.Nc3 d5 4.cxd5 Nxd5 5.e4 Nxc3 6.bxc3 Bg7 7.Be3 c5 8.Qd2 Qa5
9.Rb1 cxd4 10.cxd4 Qxd2+ 11.Kxd2 b6 12.Nf3 Bb7 13.Bb5+ Bc6 14.Bd3 e6 15.Rhc1 Kd7
16.d5 exd5 17.exd5 Bxd5 18.Bb5+ Bc6 19.Bf4 Rc8 20.Bc4 Be4 21.Rb3 Nc6 22.Ng5 Be5
23.Bxe5 Nxe5 24.Bb5+ Bc6 25.Ba6 Rd8 26.f4 Kc7+ 27.Ke1 Re8 28.Kf1 Nd7 29.Bb5 Nc5
30.Bxc6 Kxc6 31.Nxf7 Rf8 32.Ne5+ Kd5 33.Rf3 Rad8 34.Rd1+ Ke6 35.Re1 Kf6  1/2-1/2

[Event "VIII Open"]
[Site "Sants ESP"]
[Date "2006.08.25"]
[Round "1"]
[White "Diaz Lopez,P"]
[Black "Marin,M"]
[Result "0-1"]
[WhiteElo "2042"]
[BlackElo "2544"]

1.d4 Nf6 2.c4 g6 3.Nc3 d5 4.cxd5 Nxd5 5.e4 Nxc3 6.bxc3 Bg7 7.Bc4 c5 8.Ne2 Nc6
9.Be3 O-O 10.O-O Qc7 11.Rc1 Rd8 12.Qd2 Qa5 13.Rfd1 Bg4 14.f3 Ne5 15.Bxf7+ Kxf7
16.fxg4 Nxg4 17.Bg5 cxd4 18.cxd4 Qxd2 19.Rxd2 Rac8 20.Rf1+ Ke8 21.h3 Nf6
22.Ng3 Rc4 23.e5 Nd5 24.e6 Bxd4+ 25.Kh1 Bf6 26.Bh6 Nc3 27.Rdf2 Rd6 28.Re1 Rcc6
29.Ne4 Nxe4 30.Rxe4 Rxe6  0-1

[Event "VIII Open"]
[Site "Sants ESP"]
[Date "2006.08.27"]
[Round "3"]
[White "Sharevich,A"]
[Black "Marin,M"]
[Result "0-1"]
[WhiteElo "2308"]
[BlackElo "2544"]

1.d4 Nf6 2.c4 g6 3.Nc3 d5 4.cxd5 Nxd5 5.e4 Nxc3 6.bxc3 Bg7 7.Ba3 O-O 8.Nf3 b6
9.Bc4 Bb7 10.Qe2 c5 11.O-O Qc7 12.Rad1 Nd7 13.e5 e6 14.Ng5 Rfe8 15.Bb5 a6
16.Bd3 b5 17.Be4 b4 18.cxb4 cxd4 19.f4 Nb6 20.Bxb7 Qxb7 21.Ne4 Red8 22.Nd6 Qd5
23.Qf2 Rxd6 24.exd6 Nc4 25.Qf3 Nxa3 26.Qxa3 Qxd6 27.Qf3 Rd8 28.Qd3 Qxb4 29.Qxa6 Bf6
30.Rd3 Qc5 31.a4 Rd5 32.Qb7 Qc2 33.Qb3 Qc6 34.Qb4 Rc5 35.Rxd4 Bxd4+ 36.Qxd4 Rc4
37.Qd8+ Kg7 38.a5 Qc5+ 39.Kh1 Rxf4 40.Rg1 Rd4 41.Qa8 Rd7 42.a6 Ra7 43.Qf3 Rxa6
44.Rf1 Qe7 45.h3 e5 46.Qe4 h5 47.Rb1 Qg5 48.Re1 Re6 49.Rb1 Rf6 50.Re1 Rf5
51.Kg1 Kh7 52.Qe2 Qf4 53.Kh1 h4 54.Qd3 Qf2 55.Qe4 Qg3 56.Rg1 Rf2 57.Qc4 Qf4  0-1

[Event "TCh-Serbia"]
[Site "Zlatibor SCG"]
[Date "2006.08.27"]
[Round "2"]
[White "Kostic,Vl"]
[Black "Marinkovic,Sl"]
[Result "1/2-1/2"]
[WhiteElo "2433"]
[BlackElo "2389"]

1.d4 Nf6 2.c4 g6 3.Nc3 d5 4.cxd5 Nxd5 5.e4 Nxc3 6.bxc3 Bg7 7.Nf3 c5 8.Rb1 O-O
9.Be2 cxd4 10.cxd4 Qa5+ 11.Qd2 Qxd2+ 12.Bxd2 b6 13.Bg5 e6 14.Rc1 Bb7 15.e5 Nc6
16.O-O Rfc8 17.Rb1 Bf8 18.Bd2 Rd8 19.Be3 Rac8 20.Rfd1 Nb4 21.a4 a5 22.Bb5 Bc6
23.Bxc6 Rxc6 24.Ng5 Rdc8 25.Ne4 Be7 26.g3 Kg7 27.h4 h6 28.Rdc1 Nd5 29.Rxc6  1/2-1/2

[Event "II Magistral"]
[Site "Guarapari BRA"]
[Date "2006.08.31"]
[Round "4"]
[White "Asfora,M"]
[Black "Lima,Da"]
[Result "0-1"]
[WhiteElo "2245"]
[BlackElo "2482"]

1.d4 Nf6 2.c4 g6 3.Nc3 d5 4.cxd5 Nxd5 5.e4 Nxc3 6.bxc3 Bg7 7.Bc4 c5 8.Ne2 O-O
9.O-O Nc6 10.Be3 cxd4 11.cxd4 Na5 12.Bd3 b6 13.Rc1 e6 14.Qd2 Bb7 15.Bh6 Qe7
16.Bxg7 Kxg7 17.Rfd1 Rfd8 18.f3 Kg8 19.Qb2 Rac8 20.Rxc8 Rxc8 21.Rc1 Rd8 22.Rd1 Bc6
23.Bb5 Bxb5 24.Qxb5 Qa3 25.Qg5 Rc8 26.d5 exd5 27.Rxd5 Qxa2 28.Rd8+ Rxd8 29.Qxd8+ Kg7
30.Qd4+ f6 31.Nf4 Qb1+ 32.Kf2 Qc2+ 33.Kg3 Qc7 34.Kf2 Qxf4 35.Qd7+ Kh6 36.Qh3+ Kg5
37.Qxh7 Qh4+  0-1

[Event "FSGM September"]
[Site "Budapest HUN"]
[Date "2006.09.02"]
[Round "13"]
[White "Radziewicz,I"]
[Black "Boros,De"]
[Result "1/2-1/2"]
[WhiteElo "2425"]
[BlackElo "2462"]

1.d4 Nf6 2.c4 g6 3.Nc3 d5 4.cxd5 Nxd5 5.e4 Nxc3 6.bxc3 Bg7 7.Nf3 c5 8.Rb1 O-O
9.Be2 Nc6 10.d5 Ne5 11.Nxe5 Bxe5 12.Qd2 e6 13.f4 Bc7 14.O-O exd5 15.exd5 Ba5
16.g4 Qf6 17.Bb2 c4 18.f5 gxf5 19.Bxc4 Qh4 20.gxf5 Qg4+ 21.Kh1 Bxf5 22.Bd3 Bg6
23.Rf4 Qg5 24.Bxg6  1/2-1/2

[Event "Okie Challengers"]
[Site "Tulsa USA"]
[Date "2006.09.02"]
[Round "1"]
[White "Steiner,Ti"]
[Black "Trammell,G"]
[Result "0-1"]
[WhiteElo "2195"]
[BlackElo "2079"]

1.d4 Nf6 2.c4 g6 3.Nc3 d5 4.cxd5 Nxd5 5.e4 Nxc3 6.bxc3 Bg7 7.Be3 c5 8.Qd2 Qa5
9.Nf3 O-O 10.Rc1 cxd4 11.cxd4 Qxd2+ 12.Kxd2 Rd8 13.Bd3 Nc6 14.d5 Nb4 15.Rhd1 e6
16.Ke1 exd5 17.exd5 Nxa2 18.Rc4 Nc3 19.Rc1 Nxd5 20.Bxa7 b5 21.Rc5 Bh6 22.Ra1 Bg7
23.Rac1 Bb7 24.Be4 Rxa7 25.Rd1 Re8  0-1

[Event "Okie Masters"]
[Site "Tulsa USA"]
[Date "2006.09.02"]
[Round "1"]
[White "Mc Entee,T"]
[Black "Movsisyan,M"]
[Result "1/2-1/2"]
[WhiteElo "2177"]
[BlackElo "2287"]

1.d4 Nf6 2.c4 g6 3.Nc3 d5 4.cxd5 Nxd5 5.e4 Nxc3 6.bxc3 Bg7 7.Nf3 c5 8.Rb1 O-O
9.Be2 Qa5 10.Rb5 Qxc3+ 11.Bd2 Qa3 12.Rxc5 Nc6 13.Rc4 Bg4 14.d5 Bxf3 15.dxc6 b5
16.Rb4 Bxe2 17.Qxe2 Bc3 18.Bxc3 Qxc3+ 19.Qd2 Qxc6 20.O-O a5 21.Rd4 Rfc8 22.Rd1 b4
23.h4 h5 24.e5 Kg7 25.Rd5 Qe6 26.Qb2 Rc4 27.R1d4 Rxd4 28.Qxd4 a4 29.Rb5 b3
30.axb3 a3 31.Rb4 a2 32.Ra4 Rxa4 33.Qxa4 Qxb3 34.Qxb3 a1=Q+ 35.Kh2 Qxe5+
36.g3 Qd4 37.Kg1 e5 38.Qb8 Qd1+ 39.Kg2 Qd5+ 40.Kg1 Qe4 41.Qb6 Qf5 42.Qa7 e4
43.Qd4+ Kh7 44.Qa7 Qf3 45.Kf1 e3 46.Qxe3 Qxe3 47.fxe3 Kg7 48.Kf2 Kf8 49.e4 Ke7
50.Ke3 f6 51.Kd3 g5 52.Ke3  1/2-1/2